| 000 | 00720nam a2200241 i 4500 | ||
|---|---|---|---|
| 001 | 34307 | ||
| 003 | ES-MaACL | ||
| 005 | 20230906154918.0 | ||
| 007 | t| | ||
| 008 | 030204s1973 sp ||||1| spa d | ||
| 020 | _a84-261-5512-X | ||
| 100 | 1 |
_aBloch, Raymond. _929520 |
|
| 245 | 1 | 4 |
_aLos etruscos / _cRaymond Bloch ; traducción de Maríaa Dolores Sánchez de Aleu. |
| 250 | _a1ª ed. | ||
| 260 |
_aBarcelona : _bJuventud, _c1973. |
||
| 300 |
_a203 p., [132] h. de lám. col. y n. : _bil. ; _c24 cm. |
||
| 490 | 1 | _aArchaeologia mundi | |
| 650 | 4 |
_aEtruscos. _9173297 |
|
| 700 | 1 |
_aSánchez Aleu, Dolores. _9174488 |
|
| 830 | 1 |
_aArchaeologia mundi _9181393 |
|
| 852 |
_aES-MaACL _jE-5316 |
||
| 999 |
_c34307 _d34307 |
||